Представление документа в формате MARC21

Поле Инд. ПП Название Значение
Тип записи a
Библиографический уровень m
001 Контрольный номер RU/LIBMSTU/434819028
005 Дата корректировки 20160127120607.6
008 Кодируемые данные 131016|||||||||ru |||||||||||000|||rus||
020 a ISBN 978-5-394-01966-1
040 b Код языка каталог. rus
041 0_ a Код языка текста rus
084 a Индекс другой классификации/Индекс ББК 65.422.5я7+30.609я7
090 a Полочн. индекс 65.42
x Авторский знак Т 50
245 10 a Заглавие Товароведение однородных групп непродовольственных товаров
b Продолж. заглавия учеб. для вузов
c Ответственность под. ред. Т. И. Чалых, Н. В. Умалёновой
260 a Место издания Москва
b Издательство Дашков и К
c Дата издания 2013
300 a Объем 759 с.
440 _0 a Серия Учебные издания для бакалавров
504 a Библиография Библиогр.: с. 758-759
650 a Основная рубрика Непродовольственные товары-Товароведение-Учебные издания для высших учебных заведений-Бакалавриат
653 a Ключевые слова Галантерейные товары; Культурно-бытовые товары; Металлохозяйственные товары; Непродовольственные товары; Парфюмерно-косметические товары; Текстильные товары; Товароведение; Товары бытовой химии; Трикотажные товары; Швейные товары; Электробытовые товары; Ювелирные товары
700 1_ a Другие авторы Чалых Т. И.
700 1_ a Другие авторы Пехташева Е. Л.
700 1_ a Другие авторы Райкова Е. Ю.
700 1_ a Другие авторы Умалёнова Н. В.
700 1_ a Другие авторы Фукина О. В.
901 t Тип документа m
952 c Вид литературы учебник